000
00310nam a22001337a 4500
008
180202b xxu||||| |||| 00| 0 eng d
020
_a
081514086-X
041
_a
eng
080
_a
617
100
_a
5
101
_a
KIR
245
_a
Advances in plastic and reconstructive surgery
_c
Habal,M
942
_2
udc
_c
BK
999
_c
41673
_d
41673